书目信息 |
| 书名: | The international encyclopedia of education | |
| 作者: | ||
| 分册号: | ||
| 分册名: | 出版地: | Oxford : |
|
| 出版社: | Pergamon Pr | |
| 出版时间: | 1985-. | |
| 页数: | v. 1, 3-5, 7-10 ; | |
| 开本: | 26 cm. | |
| 丛书名: | ||
| 中图分类号: | ||
| 科图分类号: | ||
| 其他分类号: | G51-61 | |
| 主题词: | ||
| 电子资源: | ||
| 000 | 00618nam 2200193 a 4500 | |
| 001 | E0761398891 | |
| 005 | 20070302164622.32 | |
| 008 | uu | |
| 020 | @a0-08-028119-2. | |
| 040 | @aNLC | |
| 049 | @aN5LA | |
| 090 | @aG51-61 | |
| 096 | @aG4-61 @v2 | |
| 099 | @dG51-61@ex3:7(P-R) | |
| 245 | 04 | @aThe international encyclopedia of education :@bresearch and studies. |
| 260 | @aOxford :@bPergamon Pr.,@c1985-. | |
| 300 | @av. 1, 3-5, 7-10 ;@c26 cm. | |
| 700 | 1 | @aHusén, Torsten, @d1916- @b00 @c20020930 @lNLC09 @h2246 @lNLC09 @h2259 @lNLC09 @h1850 @b40 @c20041228 @lNLC09 @h1052 |
| 852 | 9 | @bWWJC @cJ09 @k2G-86 @hG4-61 @iI61 |
| The international encyclopedia of education : : research and studies.-Oxford : : Pergamon Pr., , 1985-. |
| v. 1, 3-5, 7-10 ; ; 26 cm. |
| ISBN 0-08-028119-2. |
| ● |
| 相关链接 |
|
|
|
|
正题名:international encyclopedia of education
索取号:G51-61/x3:7(P-R)
 
预约/预借
| 序号 | 登录号 | 条形码 | 馆藏地/架位号 | 状态 | 备注 |
| 1 | 182567 | 001076891 | 第二样本阅览室/ [索取号:G51-61/x3:7(P-R)] | 在馆 | |
| 2 | 182568 | 001075687 | 第四借阅区/ [索取号:G51-61/x3:7(P-R)] | 在馆 | |
| 3 | 182569 | 001172466 | 第四借阅区/ [索取号:G51-61/x3:7(P-R)] | 在馆 |